00425nam a2200157 a 45000010005000000030009000050080041000140400028000550820019000831000028001022450050001302500007001802600053001873000015002406500012002556904CO-ViMGA141112s2004 ck r 000 u spa d aCO-ViMGAbspacCO-ViMGA aR796.357 P373b1 aPerea, Rosero Tucidides10aBeisbol : breglamentos deportivos ilustrados a3a aSantafé de Bogotá : bPanAméricana, c1996 a232 p : il14aBEISBOL